000 00522nam a2200169 i 4500
001 73220
003 ES-MaACL
005 20230906171716.0
007 t|
008 040907s1970 sp ||||1| spa d
100 1 _aGómez Gabriel, María Remedios.
_957958
245 1 0 _aOrientaciones técnicas sobre el nuevo nivel preescolar /
_cMª Remedios Gómez Gabriel.
250 _a[1ª ed.].
260 _aBurgos :
_bHijos de Santiago Rodríguez,
_c[1970]
300 _a95 p. ;
_c22 cm.
852 _aES-MaACL
_jC-44625
_bR.73242
999 _c73220
_d73220